Urbanization In India: (Record no. 166454)

MARC details
000 -LEADER
fixed length control field 00620nam a22001817a 4500
010 ## - LCCN (DPL NO)
LC control number ENG-126062
020 ## - INTERNATIONAL STANDARD BOOK NUMBER
International Standard Book Number 978-93-8676-100-2
035 ## - SYSTEM CONTROL NUMBER
System control number EN-109594
037 ## - SOURCE OF ACQUISITION
Source of stock number/acquisition DBAD/PUB
082 ## - DEWEY DECIMAL CLASSIFICATION NUMBER
Classification number 307.760954
100 ## - MAIN ENTRY--PERSONAL NAME
Personal name Sharma,Arun kumar
245 ## - TITLE STATEMENT
Title Urbanization In India:
Remainder of title Issues & Challenges/
Statement of responsibility, etc edited by Arun Kumar Sharma and Bhaskar Dutt Misra
260 ## - PUBLICATION, DISTRIBUTION, ETC. (IMPRINT)
Place of publication, distribution, etc New Delhi
Name of publisher, distributor, etc Ane Books Pvt.Ltd.
Date of publication, distribution, etc 2018
270 ## - ADDRESS
Address 4821,Parwana Bhawan,1st Floor24 Ansari Road, Darya Ganj
300 ## - PHYSICAL DESCRIPTION
Extent 285p.
Other physical details 24cm(hb)
700 ## - ADDED ENTRY--PERSONAL NAME
Personal name Arun Kumar Sharma and Bhaskar Dutt Misra
942 ## - ADDED ENTRY ELEMENTS (KOHA)
Source of classification or shelving scheme Dewey Decimal Classification
Item type English Books
Classification part 307.760954
Call number suffix SHA
Holdings
Withdrawn status Lost status Not for loan Collection code Home library Current library Date acquired Source of acquisition Cost, normal purchase price Full call number Barcode Copy number Cost, replacement price Koha item type
      Non-fiction Andrews Gunj Andrews Gunj 24/07/2019 DBAD/PUB 1995.00 307.760954 SHA EN-109594 1 1995.00 English Books

© Delhi Public Library
Hit Counter
free hit counter